A first course in design and analysis of experiments / (Record no. 3627)

MARC details
000 -LEADER
fixed length control field 01122cam a22002894a 4500
001 - CONTROL NUMBER
control field 11851095
003 - CONTROL NUMBER IDENTIFIER
control field OSt
005 - DATE AND TIME OF LATEST TRANSACTION
control field 20160419142724.0
008 - FIXED-LENGTH DATA ELEMENTS--GENERAL INFORMATION
fixed length control field 991129s2000 nyua b 001 0 eng
010 ## - LIBRARY OF CONGRESS CONTROL NUMBER
LC control number 99059934
020 ## - INTERNATIONAL STANDARD BOOK NUMBER
International Standard Book Number 0716735105
040 ## - CATALOGING SOURCE
Original cataloging agency DLC
Transcribing agency DLC
Modifying agency DLC
042 ## - AUTHENTICATION CODE
Authentication code pcc
050 00 - LIBRARY OF CONGRESS CALL NUMBER
Classification number QA279
Item number .O34 2000
082 00 - DEWEY DECIMAL CLASSIFICATION NUMBER
Classification number 531
Edition number 21
Item number OEH 2000
100 1# - MAIN ENTRY--PERSONAL NAME
Personal name Oehlert, Gary W.
9 (RLIN) 8082
245 12 - TITLE STATEMENT
Title A first course in design and analysis of experiments /
Statement of responsibility, etc. Gary W. Oehlert.
260 ## - PUBLICATION, DISTRIBUTION, ETC. (IMPRINT)
Place of publication, distribution, etc. New York :
Name of publisher, distributor, etc. W.H. Freeman,
Date of publication, distribution, etc. 2000.
300 ## - PHYSICAL DESCRIPTION
Extent xvii, 659 p. :
Other physical details ill. ;
Dimensions 24 cm.
504 ## - BIBLIOGRAPHY, ETC. NOTE
Bibliography, etc Includes bibliographical references and index.
650 #0 - SUBJECT ADDED ENTRY--TOPICAL TERM
Topical term or geographic name as entry element Experimental design.
9 (RLIN) 7425
856 42 - ELECTRONIC LOCATION AND ACCESS
Materials specified Publisher description
Uniform Resource Identifier http://www.loc.gov/catdir/enhancements/fy0811/99059934-d.html
856 41 - ELECTRONIC LOCATION AND ACCESS
Materials specified Table of contents only
Uniform Resource Identifier http://www.loc.gov/catdir/enhancements/fy0811/99059934-t.html
906 ## - LOCAL DATA ELEMENT F, LDF (RLIN)
a 7
b cbc
c orignew
d 1
e ocip
f 19
g y-gencatlg
942 ## - ADDED ENTRY ELEMENTS (KOHA)
Source of classification or shelving scheme Dewey Decimal Classification
Koha item type Short Loan
Holdings
Withdrawn status Lost status Source of classification or shelving scheme Damaged status Not for loan Home library Current library Date acquired Inventory number Total Checkouts Full call number Barcode Date last seen Price effective from Koha item type Source of acquisition
    Dewey Decimal Classification     MUST Main Library MUST Main Library 19/04/2016 2001/16434   531 OEH 2000 2016-1024 19/04/2016 19/04/2016 Short Loan  
    Dewey Decimal Classification     MUST Main Library MUST Main Library 19/04/2016 2001/16435   531 OEH 2000 2016-1025 19/04/2016 19/04/2016 Short Loan  
    Dewey Decimal Classification     MUST Main Library MUST Main Library 28/02/2022 08/31117   531 OEH 2000 2022-0308 28/02/2022 28/02/2022 Open Shelf Purchase
    Dewey Decimal Classification     MUST Main Library MUST Main Library 28/02/2022 08/31117   531 OEH 2000 2022-0309 28/02/2022 28/02/2022 Open Shelf Purchase
    Dewey Decimal Classification     MUST Main Library MUST Main Library 28/02/2022 03/19644   531 OEH 2000 2022-0310 28/02/2022 28/02/2022 Open Shelf Purchase
    Dewey Decimal Classification     MUST Main Library MUST Main Library 28/02/2022 03/19643   531 OEH 2000 2022-0311 28/02/2022 28/02/2022 Open Shelf Purchase